| Tag |
First Indicator |
Second Indicator |
Subfields |
| LEADER |
00000cam a2200000 a 4500 |
| 001 |
in00001381908 |
| 005 |
20151019170932.0 |
| 008 |
950206s1996 nyua j 000 0 eng |
| 010 |
|
|
|a 95006013
|
| 020 |
|
|
|a 0590484265 (hc-lib. bdg.) :
|c $15.95
|
| 020 |
|
|
|a 0590484273 (pbk.)
|
| 035 |
|
|
|a (OCoLC)32132274
|
| 035 |
|
|
|9 AHK7595AM
|
| 040 |
|
|
|a DLC
|c DLC
|d TXA
|d UtOrBLW
|
| 049 |
|
|
|a TXAM
|
| 050 |
0 |
0 |
|a PS3575.O43
|b O3 1996
|
| 082 |
0 |
0 |
|a 811/.54
|2 20
|
| 100 |
1 |
|
|a Yolen, Jane.
|
| 245 |
1 |
0 |
|a O Jerusalem /
|c by Jane Yolen ; illustrated by John Thompson.
|
| 264 |
|
1 |
|a New York :
|b Scholastic, Inc.,
|c [1996]
|
| 264 |
|
4 |
|c ©1996
|
| 300 |
|
|
|a 1 volume (unpaged) :
|b color illustrations ;
|c 29 cm.
|
| 336 |
|
|
|a text
|b txt
|2 rdacontent
|
| 337 |
|
|
|a unmediated
|b n
|2 rdamedia
|
| 338 |
|
|
|a volume
|b nc
|2 rdacarrier
|
| 520 |
|
|
|a A poetic tribute to Jerusalem, in honor of the 3000th anniversary of its founding, celebrating its history as a holy city for three major religions.
|
| 651 |
|
0 |
|a Jerusalem
|x Juvenile poetry.
|
| 650 |
|
0 |
|a Children's poetry, American.
|
| 651 |
|
1 |
|a Jerusalem
|x Poetry.
|
| 650 |
|
1 |
|a American poetry.
|
| 700 |
1 |
|
|a Thompson, John,
|d 1940-
|e illustrator.
|
| 999 |
|
|
|a MARS
|
| 999 |
f |
f |
|s bfcc62a2-1c2b-304c-98a2-0de9b9fa2e95
|i bc11491d-9352-3cab-a1a6-2434fb7377b8
|t 0
|
| 952 |
f |
f |
|p ric
|a Texas A&M University
|b Rellis Campus
|c Joint Library Facility
|d Remote Storage
|t 0
|e PS3575.O43 O3 1996
|h Library of Congress classification
|i unmediated -- volume
|m A14821452510
|
| 998 |
f |
f |
|a PS3575.O43 O3 1996
|t 0
|l Remote Storage
|